El hombre unidimensional: ensayo sobre la ideología de la sociedad industrial avanzada
Збережено в:
| Автор: | |
|---|---|
| Формат: | Книга |
| Мова: | Іспанська |
| Опубліковано: |
Barcelona
Ariel
2010
|
| Редагування: | 1a. ed |
| Серія: | Filosofia, 4
|
| Предмети: | |
| Теги: |
Додати тег
Немає тегів, Будьте першим, хто поставить тег для цього запису!
|
MARC
| LEADER | 00000cam a2200000 a 4500 | ||
|---|---|---|---|
| 001 | UCE8969 | ||
| 003 | CL-VaPUC | ||
| 008 | 150911e20100000sp |||||||||||||||||spa|d | ||
| 020 | |a 9788434488458 | ||
| 082 | 0 | 4 | |a 306.36 |b MAR |2 21 |
| 100 | |a Marcuse, Herbert |e autor |9 329251 | ||
| 245 | 1 | 3 | |a El hombre unidimensional: ensayo sobre la ideología de la sociedad industrial avanzada |
| 250 | |a 1a. ed | ||
| 300 | |a 255 p | ||
| 942 | |c BK | ||
| 945 | |d 20150911 12:29:00 |a gsalatino | ||
| 260 | |a Barcelona |b Ariel |c 2010 | ||
| 650 | 0 | |a Civilización moderna |9 265455 | |
| 583 | |a last modification |c 20150911 12:29:00 |k Rodrigo Vera | ||
| 490 | 0 | |a Filosofia, 4 | |
| 999 | |c 360718 |d 360716 | ||
| 952 | |0 0 |1 0 |3 erb |4 0 |6 306_360000000000000_MAR_2010 |7 0 |8 A |9 470638 |a BIBEDU |b BIBEDU |i 5198429 |l 1 |o 306.36 MAR 2010 |p 5198429 |r 2023-06-05 |s 2023-05-09 |w 2019-11-23 |y BK |z Catalogado en:20150911 |k FIL | ||